00891nam a22002297a 450000500170000000800410001705000190005805000190007710000310009624000530012724501410018025000110032126000570033230000280038949000610041750000210047865000280049965000360052765000230056370000300058670000450061620240313080141.0121015t ag ||||| |||| 00| 0 spa d04aQ125bS37 196504aQ125bS27 19651 aSarton, George,d1884-195610aSix wings : hmen of science in the Renaissance.10aSeis alas b : hombres de ciencia renacentistas c / George Sarton ; traducción José Babini ; revisión técnica Luis A. Arocena. a1a ed. aBuenos Aires :bUniversitaria de Buenos Aires,c1965 a303 p. :bil. ;c23 cm.0 aBiblioteca el hombre y su sombra. la vida de la ciencia. aIncluye índice 72lembaCienciaxhistoria 72lembaCientificosxBiografías 72lembaRenacimiento1 aJosé Babini,etraductor1 aArocena, Luis A., erevisión técnica